00531nam a2200193 a 4500001001300000003000900013005001700022008004100039020000900080082001600089100002500105245002900130260002800159300000900187500003500196505006500231650001600296700002500312nice12345678IN_TiNIC20260116013355.0050524s1966 dela grp 000 0 eng  ac2000a297.93bNAK aNakhjavani, Violette aAmatul Baha Visits India aDelhibBahri Pub.c1966 a180p aincludes index and biblioraphy2 aEnglish Rendering Muhammad Akbnar Muradpuri, Abul Aziz Kamal aBahai Faith1 aNakhjavani, Violette